Bontá. Letture per la Classe terza

Saved in:
Bibliografiske detaljer
Main Authors: Colombo, Angelo (Author), Scolari, María (Author)
Format: Bog
Sprog:italiensk
Udgivet: Brescia La Scuola Editrice 1908
Udgivelse:1a. ed
Fag:
Tags: Tilføj Tag
Ingen Tags, Vær først til at tagge denne postø!

MARC

LEADER 00000nam a2200000 a 4500
001 UCJ8304
003 CL-VaPUC
008 070124e19080000IT |||||||||||||||||ita|d
082 0 4 |a 853  |b COL  |2 21 
100 0 |a Colombo, Angelo  |e author  |9 517061 
700 0 |a Scolari, María  |e author  |9 517062 
245 1 0 |a Bontá. Letture per la Classe terza 
250 |a 1a. ed 
300 |a 163 p 
942 |c BK 
945 |d 20070124 00:00:00  |a rinostro 
260 |a Brescia  |b La Scuola Editrice  |c 1908 
500 |a Ilustraciones para niños, sin indizar 
650 7 |a LENGUA ITALIANA  |2 CL-VaPUC  |9 517063 
650 0 |a Textos escolares  |9 382843 
650 7 |a CUENTO ITALIANO  |2 CL-VaPUC  |9 517064 
650 0 |a Literatura infantil   |9 307465 
650 0 |a Ilustraciones  |9 369481 
583 |a last modification  |c 20070124 00:00:00  |k Rodrigo Vera 
999 |c 324075  |d 324073 
952 |0 0  |1 0  |4 0  |6 853_000000000000000_COL_1908  |7 0  |8 X  |9 403981  |a FDOBUD  |b FDOBUD  |d 2019-11-22  |i 1075721  |o 853 COL 1908  |p 1075721  |r 2019-11-22  |w 2019-11-22  |y BK_X  |k BUD